Statistics for Dallas Cowboys: Most Passing TDs Each Year

Click here to take the quiz!

General Stats

  • This quiz has been taken 481 times
    (223 since last reset)
  • The average score is 44 of 63

Answer Stats

YearPlayerTDs% Correct
2022Dak Prescott23
99%
2021Dak Prescott37
99%
2019Dak Prescott30
99%
2018Dak Prescott22
99%
2017Dak Prescott22
99%
2016Dak Prescott23
99%
2015Matt Cassel / Tony Romo5
99%
2009Tony Romo26
99%
2006Tony Romo19
99%
2007Tony Romo36
99%
2008Tony Romo26
99%
2011Tony Romo31
99%
2012Tony Romo28
99%
2013Tony Romo31
99%
2014Tony Romo34
99%
1989Troy Aikman9
98%
2000Troy Aikman7
98%
1999Troy Aikman17
98%
1998Troy Aikman12
98%
1997Troy Aikman19
98%
1996Troy Aikman12
98%
1995Troy Aikman16
98%
1994Troy Aikman13
98%
1993Troy Aikman15
98%
1992Troy Aikman23
98%
1990Troy Aikman11
98%
1991Troy Aikman11
98%
1979Roger Staubach27
92%
1971Roger Staubach15
92%
1973Roger Staubach23
92%
1974Roger Staubach11
92%
1975Roger Staubach17
92%
1976Roger Staubach14
92%
1977Roger Staubach18
92%
1978Roger Staubach25
92%
2020Andy Dalton14
75%
2005Drew Bledsoe23
51%
1987Danny White12
46%
1980Danny White28
46%
1986Danny White12
46%
1985Danny White21
46%
1981Danny White22
46%
1984Danny White11
46%
1983Danny White29
46%
1982Danny White16
46%
2004Vinny Testaverde17
38%
1967Don Meredith16
33%
1963Don Meredith17
33%
1964Don Meredith9
33%
1965Don Meredith22
33%
1966Don Meredith24
33%
1968Don Meredith21
33%
2002Chad Hutchinson / Quincy Carter7
30%
2003Quincy Carter17
30%
2001Quincy Carter / Anthony Wright5
30%
2010Jon Kitna16
29%
1969Craig Morton21
24%
1970Craig Morton15
24%
1972Craig Morton15
24%
1961Eddie LeBaron14
16%
1962Eddie LeBaron16
16%
1960Eddie LeBaron12
16%
1988Steve Pelluer17
15%

Score Distribution

Percentile by Number Answered

Percent of People with Each Score

Your Score History

You have not taken this quiz since the last reset